| 000 | 00321nam a22001337a 4500 | ||
|---|---|---|---|
| 020 | _a 9780071202718 | ||
| 040 | _cNust | ||
| 082 |
_a621.3822 _bNAG |
||
| 100 |
_aNAGRATH _9127634 |
||
| 245 | _a Signals And Systems | ||
| 260 |
_aBoston: _bMcgraw-hill, _c2001. |
||
| 650 |
_a Signals And Systems _957044 |
||
| 942 |
_2ddc _cBK |
||
| 999 |
_c612702 _d612702 |
||